Wiener Porzellan aus der manufaktur du Paquiers (1718-1744) (Record no. 7342)
[ view plain ]
| 000 -CABECERA | |
|---|---|
| campo de control de longitud fija | 00828nam a2200253 a 4500 |
| 001 - NÚMERO DE CONTROL | |
| campo de control | BRCA_7668 |
| 005 - FECHA Y HORA DE LA ÚLTIMA TRANSACCIÓN | |
| campo de control | 20190320205933.0 |
| 008 - DATOS DE LONGITUD FIJA--INFORMACIÓN GENERAL | |
| campo de control de longitud fija | 090813s1952----au-a######---#000-0#ger-# |
| 041 ## - CÓDIGO DE LENGUA | |
| Código de lengua del texto/banda sonora o título independiente | ger |
| 044 ## - CÓDIGO DEL PAÍS DE LA ENTIDAD EDITORA/PRODUCTORA | |
| Código MARC del país | au |
| 050 #4 - SIGNATURA TOPOGRÁFICA DE LA BIBLIOTECA DEL CONGRESO | |
| Número de clasificación | NK480 |
| Número de documento/Ítem | .W54 1952 |
| 245 10 - MENCIÓN DE TÍTULO | |
| Título | Wiener Porzellan aus der manufaktur du Paquiers (1718-1744) |
| Mención de responsabilidad, etc. | einleitung Wilhelm Mrazek. |
| 260 ## - PUBLICACIÓN, DISTRIBUCIÓN, ETC. | |
| Lugar de publicación, distribución, etc. | Viena |
| Nombre del editor, distribuidor, etc. | Osterr Museums |
| Fecha de publicación, distribución, etc. | 1952 |
| 300 ## - DESCRIPCIÓN FÍSICA | |
| Extensión | 18 p. |
| Otras características físicas | il., 56 láminas |
| Dimensiones | 23 cm. |
| 440 #0 - MENCIÓN DE SERIE/PUNTO DE ACCESO ADICIONAL--TÍTULO | |
| Título | Österreichischen Museums für Angewandte Kunst |
| Designación de volumen o secuencia | 3 |
| 9 (RLIN) | 18923 |
| 500 ## - NOTA GENERAL | |
| Nota general | U4 |
| 600 14 - PUNTO DE ACCESO ADICIONAL DE MATERIA--NOMBRE DE PERSONA | |
| Nombre de persona | Paquier, Claude Innocent Du |
| Fechas asociadas al nombre | m. 1751 |
| 9 (RLIN) | 18924 |
| 650 14 - PUNTO DE ACCESO ADICIONAL DE MATERIA--TÉRMINO DE MATERIA | |
| Término de materia o nombre geográfico como elemento de entrada | Porcelana |
| Subdivisión geográfica | Viena |
| 9 (RLIN) | 18925 |
| 650 14 - PUNTO DE ACCESO ADICIONAL DE MATERIA--TÉRMINO DE MATERIA | |
| Término de materia o nombre geográfico como elemento de entrada | Galerías y museos |
| Subdivisión geográfica | Austria |
| 9 (RLIN) | 7952 |
| 700 1# - PUNTO DE ACCESO ADICIONAL--NOMBRE DE PERSONA | |
| Nombre de persona | Mrazek, Wilhelm |
| 9 (RLIN) | 18926 |
| 710 2# - PUNTO DE ACCESO ADICIONAL--NOMBRE DE ENTIDAD CORPORATIVA | |
| Nombre de entidad corporativa o nombre de jurisdicción como elemento de entrada | Österreichisches Museum für Angewandte Kunst (Viena) |
| 9 (RLIN) | 18927 |
| 902 ## - CATALOGADOR | |
| Iniciales | GFM |
| 942 ## - ELEMENTOS DE PUNTO DE ACCESO ADICIONAL (KOHA) | |
| Fuente del sistema de clasificación o colocación | Library of Congress Classification |
| Tipo de ítem Koha | Libros |
| Estado de retiro | Estado de pérdida | Estado dañado | No para préstamo | Localización permanente | Ubicación/localización actual | Fecha de adquisición | Número de inventario | Total de préstamos | Signatura topográfica completa | Código de barras | Fecha visto por última vez | Precio válido a partir de | Tipo de ítem Koha |
|---|---|---|---|---|---|---|---|---|---|---|---|---|---|
| El ejemplar forma parte de la colección y puede ser consultado según las políticas vigentes. | Biblioteca del Museo Franz Mayer (Rogerio Casas-Alatriste) | Biblioteca del Museo Franz Mayer (Rogerio Casas-Alatriste) | 09/08/2013 | U4 | NK480 .W54 1952 (U4) | 8276 | 22/03/2019 | 22/03/2019 | Libros |